| 000 | 00801cam a22002413a 4500 | ||
|---|---|---|---|
| 001 | 26490 | ||
| 003 | PGUSA | ||
| 005 | 20140828083554.0 | ||
| 008 | 080830s2008||||xxu|||||s|||||000 | eng d | ||
| 040 |
_aPGUSA _beng |
||
| 042 | _adc | ||
| 050 | 4 | _aDT | |
| 100 | 1 |
_aWorsfold, W. Basil _q(William Basil), _d1858-1939 |
|
| 245 | 1 | 0 |
_aLord Milner's Work in South Africa : _bFrom its Commencement in 1897 to the Peace of Vereeniging in 1902 _h[electronic resource] / _cW. Basil Worsfold |
| 260 |
_bProject Gutenberg, _c2008 |
||
| 506 | _aPublic domain in the USA. | ||
| 516 | _aElectronic text | ||
| 653 | _aSouth African War, 1899-1902 | ||
| 653 | _aMilner, Alfred Milner, Viscount, 1854-1925 | ||
| 830 | 0 |
_aProject Gutenberg _v26490 |
|
| 856 | 4 | 0 | _uhttp://www.gutenberg.org/ebooks/26490 |
| 942 | _cEB | ||
| 999 |
_c255745 _d255745 |
||